书目信息 |
| 题名: |
绿洲景观生态研究
|
|
| 作者: | 贾宝全 , 慈龙骏 著 | |
| 分册: | ||
| 出版信息: | 北京 科学出版社 2003 |
|
| 页数: | 12,178页 | |
| 开本: | 26cm | |
| 丛书名: | ||
| 单 册: | ||
| 中图分类: | Q149 | |
| 科图分类: | ||
| 主题词: | 绿洲--景观学--生态学--研究 | |
| 电子资源: | ||
| ISBN: | 7-03-011691-7 | |
| 000 | 00966nam0 2200241 45 | |
| 001 | 002454797 | |
| 005 | 20050401105451.2 | |
| 010 | @a7-03-011691-7@dCNY30.00 | |
| 100 | @a20030917d2003 em y0chiy0110 ea | |
| 101 | 0 | @achi@eeng |
| 102 | @aCN@b110000 | |
| 105 | @ay z 000yy | |
| 200 | 1 | @a绿洲景观生态研究@Alv zhou jing guan sheng tai yan jiu@f贾宝全,慈龙骏著@FJia Bao Quan,Ci Long Jun Zhu |
| 210 | @a北京@c科学出版社@d2003 | |
| 215 | @a12,178页@d26cm | |
| 300 | @a国家自然科学基金(40071004、39990490)与中国科学院资源与生态环境研究重大项目(KZ951-B1-213)资助 中国科学院新疆生态与地理研究所绿洲学者出版计划资助出版 | |
| 330 | @a本书选择石河子区垦区150团场这一典型区域为研究靶区,利用景观生态学的理论和原理,在景观生态学理论指导下,全面系统地介绍了绿洲景观的基本概念与基本理论。 | |
| 606 | 0 | @a绿洲@x景观学@x生态学@x研究 |
| 690 | @aQ149@v4 | |
| 701 | 0 | @a贾宝全@4著 |
| 701 | 0 | @a慈龙骏@4著 |
| 801 | 0 | @aCN@bNLC@c20031204 |
| 905 | @b347357-358@dQ149@e73@f2 | |
| 绿洲景观生态研究/贾宝全,慈龙骏著.-北京:科学出版社,2003 |
| 12,178页;26cm |
| 国家自然科学基金(40071004、39990490)与中国科学院资源与生态环境研究重大项目(KZ951-B1-213)资助 中国科学院新疆生态与地理研究所绿洲学者出版计划资助出版 |
| ISBN 7-03-011691-7:CNY30.00 |
| 本书选择石河子区垦区150团场这一典型区域为研究靶区,利用景观生态学的理论和原理,在景观生态学理论指导下,全面系统地介绍了绿洲景观的基本概念与基本理论。 |
| ● |
| 相关链接 |
|
|
|
|
正题名:绿洲景观生态研究
索取号:Q149/73
 
预约/预借
| 序号 | 登录号 | 条形码 | 馆藏地/架位号 | 状态 | 备注 |
| 1 | 0347357 | 203473570 | 第二样本阅览室/ [索取号:Q149/73] | 在馆 | |
| 2 | 0347358 | 203473589 | 第三借阅区/ [索取号:Q149/73] | 在馆 | |
| 3 | 0358083 | 3580832 | 第三借阅区/ [索取号:Q149/73] | 在馆 | |
| 4 | 0358084 | 3580841 | 第三借阅区/ [索取号:Q149/73] | 在馆 | |
| 5 | 0358085 | 3580850 | 第三借阅区/ [索取号:Q149/73] | 在馆 | |
| 6 | 0358086 | 3580869 | 第三借阅区/ [索取号:Q149/73] | 在馆 | |
| 7 | 0358087 | 3580878 | 第三借阅区/ [索取号:Q149/73] | 在馆 |